[Event "AUTO-INT-1681"]
[Site "http://www.queenalice.com/game.php?id=765442"]
[Date "2010.4.24"]
[Round "1"]
[White "Baal"]
[Black "luiz090392"]
[Result "0-1"]
[WhiteElo "1458"]
[BlackElo "1420"]

1. e4 d6 2. d4 Nf6 3. Nc3 g6 4. Nf3 Bg7 5. Be2 O-O 6. O-O Nbd7 7. Bf4 c5 8. Qd2
Re8 9. Bh6 Bh8 10. h3 cxd4 11. Nxd4 Qb6 12. b3 Nxe4 13. Na4 Nxd2 14. Nxb6 Nxb6
15. Rfd1 Ne4 16. Nb5 Bxa1 17. Rxa1 Nd5 18. Bc4 a6 19. Nd4 Nef6 20. a4 Nb6 21.
Re1 Nxc4 22. bxc4 Bd7 23. a5 Rac8 0-1

[Event "AUTO-INT-1681"]
[Site "http://www.queenalice.com/game.php?id=765455"]
[Date "2010.4.24"]
[Round "1"]
[White "lordmago"]
[Black "Baal"]
[Result "0-1"]
[WhiteElo "1383"]
[BlackElo "1402"]

1. e4 e5 2. Nf3 Nc6 3. Bb5 a6 4. Bxc6 dxc6 5. d3 Bb4+ 6. c3 Ba5 7. b4 Bb6 8. O-O
Bg4 9. h3 Bh5 10. g4 Bg6 11. Nxe5 Qh4 12. Qf3 O-O-O 13. Be3 f6 14. Nc4 Bxe3 15.
Nxe3 Rxd3 16. Kg2 h5 17. Rd1 Rd6 18. Rxd6 cxd6 19. Qg3 Qg5 20. f4 Qb5 21. f5 Bf7
22. Na3 Qa4 23. Qxd6 Qxa3 24. Qf8+ Be8 25. Qxe8+ Kc7 26. Qf7+ Kb6 27. Qxg7 Qb2+
28. Nc2 Qxc2+ 29. Kg1 Qxc3 30. Rf1 Qg3+ 31. Kh1 Qxh3+ 32. Kg1 Qxg4+ 33. Qxg4
hxg4 34. Rf2 Nh6 35. Rh2 g3 36. Rh3 Kb5 37. a3 c5 38. Rxg3 cxb4 39. axb4 Nf7 40.
Rg6 Rh6 41. Rg7 Nd8 42. Rd7 Rh8 43. Kf2 Kxb4 44. Rd6 Rf8 45. Ke2 Kc5 46. Rd5+
Kc6 47. Kd3 b5 48. Kd4 Kb6 49. Rd6+ Nc6+ 50. Kd5 Rd8 51. Ke6 Rxd6+ 52. Kxd6 b4
53. Ke6 b3 54. Kxf6 b2 0-1

[Event "AUTO-INT-1681"]
[Site "http://www.queenalice.com/game.php?id=765456"]
[Date "2010.4.24"]
[Round "1"]
[White "Baal"]
[Black "lordmago"]
[Result "0-1"]
[WhiteElo "1424"]
[BlackElo "1272"]

1. e4 e5 2. Nf3 d6 3. d4 f6 4. Bb5+ c6 5. Ba4 b5 6. Bb3 a5 7. c3 Qe7 8. Bxg8
Rxg8 9. Be3 exd4 10. Qxd4 Bg4 11. Nbd2 Bxf3 12. gxf3 c5 13. Qd5 Nd7 14. Qxa8+
Qd8 15. Qc6 Qb8 16. Qd5 Rh8 17. b3 Nb6 18. Qc6+ Ke7 19. Qxb5 Nd7 20. Qxa5 Qb6
21. Qa8 Qb8 22. Qd5 Nb6 23. Qd3 g6 24. Nc4 Nxc4 25. Qxc4 Bg7 26. O-O-O Rd8 27.
Bf4 f5 28. Bg5+ Bf6 29. Bxf6+ Kxf6 30. b4 cxb4 31. cxb4 Rc8 32. Qc2 Rxc2+ 33.
Kxc2 Qxb4 34. Rd3 Qa4+ 35. Kb1 Qb5+ 36. Ka1 Qxd3 0-1

[Event "AUTO-INT-1681"]
[Site "http://www.queenalice.com/game.php?id=765463"]
[Date "2010.4.24"]
[Round "1"]
[White "Econochess"]
[Black "Baal"]
[Result "1-0"]
[WhiteElo "1733"]
[BlackElo "1477"]

1. e4 e5 2. Nf3 Nc6 3. d4 exd4 4. Bc4 Qe7 5. O-O d6 6. Nxd4 Ne5 7. Bb3 Nf6 8.
Nc3 Bg4 9. f3 Bh5 10. a4 c5 11. Nf5 Qd7 12. Nb5 a6 13. Nbxd6+ 1-0

[Event "Challenge"]
[Site "http://www.queenalice.com/game.php?id=778211"]
[Date "2010.5.20"]
[Round "-"]
[White "Legiao"]
[Black "Baal"]
[Result "0-1"]
[WhiteElo "1157"]
[BlackElo "1417"]

1. e4 e5 2. Qf3 d6 3. Bc4 Be6 4. Na3 Nf6 5. Nh3 d5 6. Bb5+ c6 7. Ba4 dxe4 8. Qc3
Qd4 9. Qxd4 exd4 10. Ng5 Bd5 11. d3 Bb4+ 12. Kd1 Nbd7 13. Nc4 Nb6 14. Nd6+ Bxd6
15. Bb3 h6 16. Nh3 Be6 17. Bxe6 fxe6 18. b3 Nbd5 19. Re1 Bb4 20. a3 Bxe1 21.
Kxe1 e3 22. fxe3 dxe3 23. c4 Ne7 24. Bxe3 Ng4 25. Bg1 a6 26. Nf4 e5 27. Ne6 Kf7
28. h3 Kxe6 29. hxg4 Rad8 30. Bf2 Rxd3 31. b4 Ng6 32. Ke2 Nf4+ 33. Ke1 Nxg2+ 34.
Ke2 Nf4+ 35. Kf1 Rhd8 36. Ke1 R8d4 37. Bxd4 exd4 38. a4 Rg3 39. b5 Rg1+ 40. Kf2
Rxa1 41. bxc6 bxc6 42. Kf3 Ke5 43. Kg3 Ra3+ 44. Kh4 Rh3# 0-1

[Event "Challenge"]
[Site "http://www.queenalice.com/game.php?id=780038"]
[Date "2010.5.24"]
[Round "-"]
[White "lordmago"]
[Black "Baal"]
[Result "0-1"]
[WhiteElo "1443"]
[BlackElo "1404"]

1. e4 e5 2. Nf3 Nc6 3. Bb5 Nge7 4. Bxc6 Nxc6 5. Nc3 Bc5 6. O-O O-O 7. a3 Qf6 8.
Nd5 Qd6 9. b4 Bd4 10. c3 Bb6 11. Nxb6 axb6 12. Bb2 Qg6 13. Re1 d6 14. Nh4 Qg5
15. g3 Bg4 16. f3 Bh5 17. b5 Na5 18. Nf5 Nc4 19. h4 Nxb2 20. hxg5 Nxd1 21. Rexd1
Bxf3 22. Re1 Bg4 23. Ne7+ Kh8 24. Nd5 Rac8 25. Ne7 Rce8 26. Nd5 c5 27. bxc6 b5
28. cxb7 Rb8 29. Ne3 Be6 30. Nf5 Bxf5 31. exf5 f6 32. gxf6 Rxf6 33. g4 Rxb7 34.
Rec1 g6 35. Rf1 Rbf7 36. a4 bxa4 37. Rxa4 gxf5 38. Ra8+ Kg7 39. Rxf5 Rxf5 40.
gxf5 Rxf5 41. Ra7+ Kg6 42. Rd7 Rf6 43. Kg2 h5 44. Rd8 Kf7 45. Rh8 Kg6 46. Rg8+
Kf5 47. Kf3 Ke6+ 48. Ke3 Rf4 49. Rh8 Rh4 50. Rh6+ Kd5 51. Kd3 Rh3+ 52. Kc2 e4
53. Kb3 Ke5 54. Rh8 Rh2 55. Re8+ Kd5 56. Kc2 h4 57. Rc8 h3 0-1

[Event "Challenge"]
[Site "http://www.queenalice.com/game.php?id=787826"]
[Date "2010.6.9"]
[Round "-"]
[White "edemarc"]
[Black "Baal"]
[Result "1-0"]
[WhiteElo "1247"]
[BlackElo "1427"]

1. e4 e5 2. Qh5 Nc6 3. Bc4 Qe7 4. b3 Nd4 5. Bd3 g6 6. Qh3 d6 7. g4 Nf6 8. f3 Bh6
9. Kd1 O-O 10. Ne2 Be6 11. Rg1 Bg5 12. c3 Nxe2 13. Bxe2 h5 14. d4 Rad8 15. Bxg5
c5 16. d5 Bd7 17. c4 a6 18. Nc3 Rb8 19. a3 b5 20. Qh4 Rb6 21. Bxf6 1-0

[Event "Scacchi Sfida"]
[Site "http://www.queenalice.com/game.php?id=801519"]
[Date "2010.7.10"]
[Round "-"]
[White "Baal"]
[Black "Mishee"]
[Result "1-0"]
[WhiteElo "1406"]
[BlackElo "1229"]

1. e4 d6 2. d4 e6 3. Bc4 Be7 4. d5 a5 5. Nf3 h5 6. O-O b6 7. Be3 g6 8. Nc3 a4 9.
Bd4 Rh6 10. Qd2 Rh7 11. b3 axb3 12. axb3 g5 13. Rxa8 Nd7 14. Nb5 Nh6 15. dxe6
fxe6 16. Bxe6 Rg7 17. Bxg7 Nf6 18. Bxc8 c6 19. Bd7+ Kxd7 20. Rxd8+ Kxd8 21. Bxh6
Ng4 22. Bxg5 Bxg5 23. Qxd6+ Ke8 24. Nc7+ Kf7 25. Nxg5+ Kg8 26. Qe7 b5 27. Qf7+
Kh8 28. Qh7# 1-0

[Event "AUTO-INT-2266"]
[Site "http://www.queenalice.com/game.php?id=1036301"]
[Date "2012.3.5"]
[Round "1"]
[White "Tartcover"]
[Black "Baal"]
[Result "0-1"]
[WhiteElo "1687"]
[BlackElo "1409"]

1. d4 d5 2. c4 c6 3. Nc3 Nf6 4. Bg5 h6 5. Bxf6 gxf6 6. Nf3 Bg4 7. e3 e6 8. Be2
Rg8 9. h3 Bf5 10. O-O Bb4 11. Na4 Na6 12. a3 Bd6 13. c5 Bc7 14. Kh1 Be4 15. Nc3
f5 16. b4 b6 17. Bxa6 b5 18. Ne5 Bxe5 19. dxe5 Qg5 0-1

[Event "AUTO-INT-2266"]
[Site "http://www.queenalice.com/game.php?id=1036302"]
[Date "2012.3.5"]
[Round "1"]
[White "Baal"]
[Black "Tartcover"]
[Result "0-1"]
[WhiteElo "1441"]
[BlackElo "1624"]

1. e4 e5 2. Nf3 Nc6 3. c3 Nf6 4. d4 d6 5. Nbd2 Be7 6. Bc4 O-O 7. O-O a6 8. d5
Na5 9. Bd3 b5 10. b4 Nb7 11. Nb3 Bg4 12. h3 Bxf3 13. Qxf3 h6 14. c4 bxc4 15.
Bxc4 Kh8 16. Bd2 g5 17. b5 axb5 18. Bxb5 Rg8 19. Bc6 Rb8 20. Na5 Nc5 21. Rfe1
Rb2 22. Rab1 Rxd2 23. Nb7 Nxb7 24. Bxb7 Rxa2 25. Re2 Ra7 26. Qe3 Ra4 27. f3 Nh5
28. Kh2 Nf4 29. Reb2 g4 30. hxg4 Bh4 31. g3 Bxg3+ 32. Kxg3 Nh5+ 33. Kf2 Qh4+ 34.
Ke2 Ng3+ 35. Kd3 Rd4+ 36. Kc3 Kh7 37. Rd2 Rxd2 38. Qxd2 Qh3 0-1

[Event "AUTO-INT-2266"]
[Site "http://www.queenalice.com/game.php?id=1036317"]
[Date "2012.3.5"]
[Round "1"]
[White "Zeks44"]
[Black "Baal"]
[Result "1-0"]
[WhiteElo "1889"]
[BlackElo "1432"]

1. e4 e5 2. Nf3 Nc6 3. Bc4 Nf6 4. Ng5 d5 5. exd5 Nxd5 6. Qf3 Qxg5 7. Bxd5 Qf6 8.
Bxc6+ Qxc6 9. Qxc6+ bxc6 10. O-O Bd6 11. b3 O-O 12. Bb2 f6 13. Nc3 Bf5 14. d3 c5
15. h3 c6 16. Na4 e4 17. dxe4 Bxe4 18. c4 g5 19. Ba3 Be5 20. Rad1 Bc2 21. Rd2
Be4 22. Nxc5 Bf5 23. Nb7 Rf7 24. Nd8 Rc7 25. Rfd1 g4 26. f3 gxh3 27. Bd6 Rcc8
28. Bxe5 fxe5 29. Rd6 e4 30. Nxc6 exf3 31. Ne7+ 1-0

[Event "AUTO-INT-2266"]
[Site "http://www.queenalice.com/game.php?id=1036318"]
[Date "2012.3.5"]
[Round "1"]
[White "Baal"]
[Black "Zeks44"]
[Result "0-1"]
[WhiteElo "1436"]
[BlackElo "1889"]

1. e4 e5 2. Nf3 Nc6 3. d4 exd4 4. Nxd4 Nxd4 5. Qxd4 Qf6 6. c3 b6 7. Be3 Bc5 8.
Qd3 Bxe3 9. Qxe3 Nh6 10. Qd4 Qxd4 11. cxd4 Ng4 12. f3 Ne3 13. Nc3 Nc2+ 14. Kd1
Nxa1 15. Nd5 Kd8 16. Bc4 c6 17. Nb4 f6 18. Ke2 a5 19. Nd5 cxd5 20. Bxd5 Rb8 21.
Rxa1 Bb7 22. Bc4 Bc6 23. Rc1 b5 24. d5 bxc4 25. dxc6 Rxb2+ 26. Kd1 Rb4 27. a3
Rb6 28. c7+ Kxc7 29. Rxc4+ Rc6 30. Rc2 Rxc2 0-1

[Event "AUTO-INT-2266"]
[Site "http://www.queenalice.com/game.php?id=1036329"]
[Date "2012.3.5"]
[Round "1"]
[White "Baal"]
[Black "oldfool"]
[Result "1-0"]
[WhiteElo "1424"]
[BlackElo "1543"]

1. e4 e5 2. Nf3 Nc6 3. d3 d6 4. Nc3 Nf6 5. Bg5 Be7 6. Be3 O-O 7. d4 a6 8. d5 Na7
9. Bc4 h6 10. O-O c6 11. h3 c5 12. a3 Bd7 13. b4 Rc8 14. bxc5 dxc5 15. Rb1 b5
16. Bb3 Ra8 17. d6 Qa5 18. dxe7 Rfe8 19. Nd5 Nxe4 20. Qd3 f5 21. Nxe5 c4 22.
Bxc4 bxc4 23. Nxc4 Bb5 24. Bd4 Bxc4 25. Qxc4 Qxa3 26. Nc7+ Kh8 27. Nxa8 Nd2 28.
Qd3 Qxd3 29. cxd3 Nxb1 30. Rxb1 Rxa8 31. Bxa7 Kg8 32. Re1 Kf7 33. Bc5 a5 34. d4
a4 35. d5 Rc8 36. d6 1-0

[Event "AUTO-INT-2266"]
[Site "http://www.queenalice.com/game.php?id=1036330"]
[Date "2012.3.5"]
[Round "1"]
[White "oldfool"]
[Black "Baal"]
[Result "1-0"]
[WhiteElo "1531"]
[BlackElo "1436"]

1. d4 d5 2. e3 Nf6 3. Bd3 Nc6 4. Nf3 Bg4 5. h3 Bh5 6. O-O e6 7. Be2 Bg6 8. Nbd2
Bd6 9. Nb3 b6 10. Nh4 Be4 11. g3 O-O 12. f3 Bf5 13. g4 Bg6 14. f4 Ne4 15. Nxg6
hxg6 16. Rf3 Qh4 17. Kg2 f5 18. g5 e5 19. dxe5 Bxe5 20. fxe5 Nxe5 21. Qxd5+ Nf7
22. Kh2 Nxg5 23. Rg3 Rad8 24. Qc4 c5 25. Qxh4 1-0

[Event "AUTO-OPEN-2627"]
[Site "http://www.queenalice.com/game.php?id=1036647"]
[Date "2012.3.6"]
[Round "1"]
[White "pacou93"]
[Black "Baal"]
[Result "1-0"]
[WhiteElo "1836"]
[BlackElo "1445"]

1. e4 e5 2. Nf3 Nc6 3. Bc4 Nf6 4. Nc3 Bc5 5. O-O O-O 6. d3 d6 7. Bg5 h6 8. Bh4
Bd4 9. Nxd4 exd4 10. Ne2 a6 11. Bd5 Bd7 12. Bxc6 Bxc6 13. Nxd4 Qd7 14. Bxf6 gxf6
15. Nxc6 Qxc6 16. c3 Qb5 17. b3 c5 18. d4 cxd4 19. Qxd4 Qe5 20. Qxe5 fxe5 21. f4
f6 22. fxe5 fxe5 23. Rxf8+ Rxf8 24. Rf1 1-0

[Event "AUTO-OPEN-2627"]
[Site "http://www.queenalice.com/game.php?id=1036648"]
[Date "2012.3.6"]
[Round "1"]
[White "Baal"]
[Black "pacou93"]
[Result "0-1"]
[WhiteElo "1443"]
[BlackElo "1824"]

1. e4 e5 2. Nf3 Nc6 3. d3 Nf6 4. Be3 d6 5. Nc3 Be7 6. d4 exd4 7. Nxd4 Bd7 8. Be2
O-O 9. O-O h6 10. b3 d5 11. exd5 Nxd4 12. Bxd4 Bb4 13. h3 c5 14. Be3 Bxc3 15.
Rb1 Bb4 16. Bd2 Bxd2 17. Qxd2 Bf5 18. Bd3 Bxd3 19. Qxd3 Nxd5 20. c4 Nb4 21. Qe2
Re8 22. Qb2 a5 23. Rfd1 Qc7 24. a3 Nc6 25. Rd3 Rad8 26. Rg3 g6 27. h4 Qe5 0-1

[Event "AUTO-OPEN-2627"]
[Site "http://www.queenalice.com/game.php?id=1036677"]
[Date "2012.3.6"]
[Round "1"]
[White "Marcos_Dal_Ri"]
[Black "Baal"]
[Result "1-0"]
[WhiteElo "1700"]
[BlackElo "1414"]

1. d4 d5 2. Nf3 c6 3. Bf4 f6 4. e3 Bf5 5. h3 Qb6 6. b3 c5 7. dxc5 Qxc5 8. Bd3
Bxd3 9. cxd3 e5 10. Bg3 Nh6 11. O-O Be7 12. a3 O-O 13. b4 Qc6 14. Nbd2 Nf5 15.
Bh2 Nd7 16. e4 Nd4 17. Rc1 Qa6 18. Nb1 Rac8 19. Rxc8 Rxc8 20. Nxd4 exd4 21. exd5
Nb6 22. Qg4 Rc2 23. Qe6+ Kf8 24. Bd6 1-0

[Event "AUTO-OPEN-2627"]
[Site "http://www.queenalice.com/game.php?id=1036678"]
[Date "2012.3.6"]
[Round "1"]
[White "Baal"]
[Black "Marcos_Dal_Ri"]
[Result "0-1"]
[WhiteElo "1419"]
[BlackElo "1694"]

1. e4 e5 2. Nf3 Nc6 3. d4 exd4 4. Nxd4 Nf6 5. Nc3 Bc5 6. Be3 d6 7. Bd3 O-O 8.
Nd5 Nxd4 9. Bxd4 Bxd4 10. c3 Bc5 11. b4 Bb6 12. Qa4 Bd7 13. Qa3 Ng4 14. O-O Qh4
15. h3 Bxf2+ 0-1